Chinese Emperors - Statistics

General Stats
  • This quiz has been taken 262 times
  • The average score is 8 of 15
Answer Stats
Hint Answer % Correct
Last emperor of China, briefly became a Japanese puppet in Manchuria Puyi
83%
The first emperor to unify China Qin Shi Huang
83%
Mongolian Emperor who united all of China proper Kublai Khan
78%
Grandfather of the above Genghis Khan
77%
The only officially recognized Empress of all China Wu Zetian
74%
Longest reigning Emperor (Hint: Qing dynasty) Kangxi
62%
King of Wei during the Three Kingdoms era, who united northern China Cao Cao
58%
Second Emperor of the Tang dynasty, who presided over one of the golden ages of China Taizong of Tang
48%
Emperor who accepted the surrender of the Qing dynasty and defeated Xiang Yu Liu Bang
38%
Emperor who overthrew the Yuan dynasty in 1328 Zhu Yuanzhang
35%
First of the legendary Five Emperors (五帝) Yellow Emperor
34%
Emperor who led the Han Dynasty to its largest expansion, and the first emperor to officially endorse Confucianism as the nation philosophy Emperor Wu of Han
33%
Emperor who unified China after the Five Dynasties and Ten Kingdoms period Taizu of Song
33%
King who allegedly built the Deer Terrace(鹿台), which included the "Lake of Wine and Forest of Meat" (酒池肉林) King Zhou of Shang
20%
Emperor during the start of the An Lushan rebellion Xuanzong of Tang
12%
No matching quizzes found
Score Distribution
Percent of People with Each Score
Percentile by Number Answered
Your Score History
You have not taken this quiz